000 00931nam a2200217Ia 4500
001 853-SAT sa pr (22164)
003 IT-MiSPE
008 171229s9999||||xx |||||||||||||| ||und||
040 _aIT-MiSPE
_cIT-MiSPE
041 _aITALIANO
100 _aSalvatore Satta
245 0 _aDe profundis
250 _a1a ed. (v)
260 _aMilano
_bAdelphi
_c1980
300 _a189 p.
_c18 cm
490 _aPiccola biblioteca
_v95
501 _aEdizioni San Paolo srl - Piazza Soncino, 5 - 20092 CINISELLO BALSAMO (MI) (non commercial uses only) ® Copyright 2018
942 _cBK
957 _71
999 _a13531
_bNO
_g Copie: 1
_c354499
_d354499